| 000 | 00900nam a2200229 i 4500 | ||
|---|---|---|---|
| 001 | 89148 | ||
| 003 | ES-MaACL | ||
| 005 | 20230906180103.0 | ||
| 007 | t| | ||
| 008 | 050105s1962 sp ||||1| spa d | ||
| 100 | 1 |
_aLara del Cid, Manuel. _970211 |
|
| 245 | 1 | 0 |
_aCuestiones de tiro y dirección del fuego : _ba resolver por los mandos de las pequeñas unidades de infantería / _cteniente coronel Manuel Lara del Cid, comandantes Manuel Carrasco Lanzos, Ignacio Fernández-Miranda y Hevia. |
| 250 | _a4ª ed. | ||
| 260 |
_aMadrid : _bCompañía Bibliográfica Española, _c1962. |
||
| 300 |
_a2 v. ; _c21 cm. |
||
| 505 | 8 | _aContiene: 1. Texto - 2. Láminas | |
| 650 | 4 |
_aTiro militar. _9162725 |
|
| 700 | 1 |
_aCarrasco Lanzos, Manuel. _935561 |
|
| 700 | 1 |
_aFernández Miranda y Hevia, Ignacio. _949931 |
|
| 710 | 2 |
_aCompañía Bibliográfica Española. _9171207 |
|
| 852 |
_aES-MaACL _jC-25417-18 |
||
| 999 |
_c89148 _d89148 |
||